Cops on the make: officers' views on the nature and extent of oilice sexual misconduct and how to control it

Saved in:  
Bibliographic Details
Main Author: Maher, Timothy M. (Author)
Format: Print Book
Language:English
Published: 2007
In:Year: 2007
Check availability: HBZ Gateway
Subito Delivery Service: Order now.
Keywords:

MARC

LEADER 00000cam a2200000 c 4500
001 1350363480
003 DE-627
005 20220527140931.0
007 tu
008 080507s2007 xx ||||| m 00| ||eng c
024 8 |a 3269684  |q Order no. 
035 |a (DE-627)1350363480 
035 |a (DE-576)280363486 
035 |a (DE-599)BSZ280363486 
040 |a DE-627  |b ger  |c DE-627  |e rakwb 
041 |a eng 
100 1 |a Maher, Timothy M.  |4 aut 
245 1 0 |a Cops on the make  |b officers' views on the nature and extent of oilice sexual misconduct and how to control it  |c by Timothy M. Maher 
264 1 |c 2007 
300 |a 210 S. 
336 |a Text  |b txt  |2 rdacontent 
337 |a ohne Hilfsmittel zu benutzen  |b n  |2 rdamedia 
338 |a Band  |b nc  |2 rdacarrier 
502 |a St. Louis, Univ. of Missouri, Diss., 2007 
583 1 |a Archivierung prüfen  |c 20200919  |f DE-640  |z 1  |2 pdager 
655 7 |a Hochschulschrift  |0 (DE-588)4113937-9  |0 (DE-627)105825778  |0 (DE-576)209480580  |2 gnd-content 
751 |a Saint Louis, Mo.  |0 (DE-588)4118223-6  |0 (DE-627)105793086  |0 (DE-576)209516658  |4 uvp 
935 |a mkri 
951 |a BO 
ELC |b 1 
LOK |0 000 xxxxxcx a22 zn 4500 
LOK |0 001 2570257362 
LOK |0 003 DE-627 
LOK |0 004 1350363480 
LOK |0 005 20080507141508 
LOK |0 008 080507||||||||||||||||ger||||||| 
LOK |0 040   |a DE-Frei85  |c DE-627  |d DE-Frei85 
LOK |0 852   |z Kopie, erschienen im Verlag Univ. Microfilms International, Ann Arbor 
LOK |0 852   |a DE-Frei85 
LOK |0 852 1  |m p  |9 00 
LOK |0 938   |k p 
LOK |0 939   |a 07-05-08  |b l01 
ORI |a SA-MARC-krimdoka001.raw